000 00609nam a2200241Ia 4500
005 20260320201018.0
008 008 262003s9999 xx 000 0 eng d
037 _aEBOOK
040 _aCRL
040 _beng
040 _cCRL
041 _2eng
041 _aeng
084 _qCRL
100 _aPan
245 0 _aDesign and Fabrication of Self-Powered Micro-Harvesters: Rotating and Vibrated Micro-Power Systems
260 _bIEEE
260 _c2013
856 _uhttps://ieeexplore.ieee.org/servlet/opac?bknumber=6817680
942 _cEBOOK
999 _c1718286
_d1718286